Movies Quiz

Random Movies or Director Quiz

Robert Redford Directed Movies Quiz Stats

 Plays Quiz not verified by Sporcle

Support Sporcle.
Go Orange.
Score 0/8 Timer 04:00
0 Plays Today
Year Movie % Correct
1980Ordinary People
94.4%
1992A River Runs Through It
77.8%
1994Quiz Show
67.8%
1998The Horse Whisperer
65.6%
2007Lions for Lambs
56.7%
1988The Milagro Beanfield War
51.1%
2000The Legend of Bagger Vance
42.2%
2010The Conspirator
38.9%

You're not logged in!

Compare scores with friends on all Sporcle quizzes.
OR
Log In

From the Vault

Images for Every Subcategory: Literature

by El_Dandy

We're not trying to turn these books into picture books, but we suppose the association is valid.
Remove Ads.
Support Sporcle.
Get the best of Sporcle when you Go Orange. This ad-free experience offers more features, more stats, and more fun while also helping to support Sporcle. Thank you for becoming a member.

Show Comments

Extras

Top Quizzes Today


Score Distribution

Your Account Isn't Verified!

In order to create a playlist on Sporcle, you need to verify the email address you used during registration. Go to your Sporcle Settings to finish the process.

Report this User

Report this user for behavior that violates our Community Guidelines.

Details: